| 000 | 00599nam a22001697a 4500 | ||
|---|---|---|---|
| 003 | NUST-PNEC | ||
| 005 | 20170116180722.0 | ||
| 008 | 141027b xxu||||| |||| 00| 0 eng d | ||
| 040 | _cPNEC | ||
| 082 | _a510.02 YAK | ||
| 100 |
_9846 _aYakovlev K P |
||
| 245 |
_aHandbook for engineers : Vol. 1 : Mathematics and Physics _cK P Yakovlev; G O Harding |
||
| 260 |
_aOxford : _bPergamon Press, _cc.1965. |
||
| 300 |
_aIX, 631 p. ; _btab. ; _c21 cm |
||
| 500 | _ahttps://www.worldcat.org/title/handbook-for-engineers-vol-1-mathematics-and-physics/oclc/859625029&referer=brief_results | ||
| 942 |
_2ddc _cBK |
||
| 999 |
_c61431 _d61431 |
||